Normal view
MARC view
- Groundwater recharge
Entry Topical Term
001 - CONTROL NUMBER
- control field: 642
003 - CONTROL NUMBER IDENTIFIER
- control field: NUST
005 - DATE AND TIME OF LATEST TRANSACTION
- control field: 20170512155556.0
008 - FIXED-LENGTH DATA ELEMENTS
- fixed length control field: 170512|| aca||aabn | a|a d
040 ## - CATALOGING SOURCE
- Original cataloging agency: NUST
- Transcribing agency: NUST
150 ## - HEADING--TOPICAL TERM
- Topical term or geographic name entry element: Groundwater recharge
- Form subdivision: Congresses.
670 ## - SOURCE DATA FOUND
- Source citation: Work cat.: (NUST)0: International Geological Congress (32nd : 2004 : Florence, Italy) 640, Urban groundwater-- meeting the challenge :, c2007.
